Statistics for A to Z: Flowers

Click here to take the quiz!

General Stats

  • This quiz has been taken 441 times
  • The average score is 11 of 26

Answer Stats

HintAnswer% Correct
RedRose
86%
Frogs play on the pads of these flowersLily
85%
____ are blueViolet
80%
Don't ForgetForgetmenot
73%
Red Flowers. World War 1.Poppy
72%
______nationCarnation
71%
Repels DraculaGarlic
70%
Bell ShapedTulip
64%
Bright Yellow. Farms.Sunflower
55%
________ DayDaffodil
53%
BlueBluebell
52%
Sound of MusicEdelweiss
48%
HawaiiHibiscus
44%
Can be poisonousIvy
44%
Waxy Bare Trees with Large White Cupped FlowersMagnolia
41%
EgotisticalNarcissus
41%
Bell Shaped Flower with 3 Surrounding PetalsOrchid
40%
Hundreds of Petals. Multicolored.Zinnia
31%
Flower of member of the pear familyQuince
27%
Purple Tree with Millions of Purple Bell Shaped FlowersJacaranda
15%
Repel WerewolvesWolfsbane
13%
Pale Purple Teardrop Shaped ClustersAgapanthus
3%
Little Cup Shaped Yellow FlowersKingcup
3%
Also known as elmUlmus
3%
Tendrils. Asian Flower.Ylang Ylang
3%
Tiny Flowers that extend over the entire branchXanthorhiza
0%

Score Distribution

Percentile by Number Answered

Percent of People with Each Score

Your Score History

You have not taken this quiz